Jāyasī. (Record no. 68185)

MARC details
000 -LEADER
fixed length control field 00626cam a22002291 4500
001 - CONTROL NUMBER
control field sa 66002160
003 - CONTROL NUMBER IDENTIFIER
control field DLC
005 - DATE AND TIME OF LATEST TRANSACTION
control field 20260227112227.0
008 - FIXED-LENGTH DATA ELEMENTS--GENERAL INFORMATION
fixed length control field 890609s1965 ii 000 0 hino
010 ## - LIBRARY OF CONGRESS CONTROL NUMBER
LC control number sa 66002160
035 ## - SYSTEM CONTROL NUMBER
System control number (OCoLC)19842432
040 ## - CATALOGING SOURCE
Original cataloging agency DLC
Transcribing agency WaU
Modifying agency NRU
-- DLC
042 ## - AUTHENTICATION CODE
Authentication code premarc
050 00 - LIBRARY OF CONGRESS CALL NUMBER
Classification number PK2095.M3
Item number Z89
100 1# - MAIN ENTRY--PERSONAL NAME
Personal name Tiwari, Rampujan,
Dates associated with a name 1914-
245 10 - TITLE STATEMENT
Title Jāyasī.
260 ## - PUBLICATION, DISTRIBUTION, ETC.
Place of publication, distribution, etc. [Dillī]
Name of publisher, distributor, etc. Rādhākr̥shṇa Prakāśana
Date of publication, distribution, etc. [1965]
300 ## - PHYSICAL DESCRIPTION
Extent 135 p.
Dimensions 22 cm.
490 0# - SERIES STATEMENT
Series statement Rādhākr̥shṇa mūlyāṅkana mālā
500 ## - GENERAL NOTE
General note In Hindi.
600 00 - SUBJECT ADDED ENTRY--PERSONAL NAME
Personal name Malik Muhammad Jayasi,
Dates associated with a name active 1540.

No items available.

Powered by Koha